000 00549nam a2200193Ia 4500
001 1545
003 GE_BSU
008 181216s||||||||xx |||||||||||||| ||und||
040 _cGE_BSU
245 _aМногоязычие и литературное творчество
245 _cОтв.ред. Алексеев М.П.
260 _aЛенинград
260 _bНаука
260 _c1981
300 _a330стр.
541 _h12л.
653 _aМногоязычие и литературное творчество
942 _cBK
999 _c35672
_d35672